00584nam a22002177a 450000500170000001000130001702000100003003500130004003700160005304000120006908200160008110000190009724500620011626000360017827000580021430000320027250000200030465000200032465000190034470000030036320170124110027.0 aB-077858 c00.00 aB-077858 bCen Lib/Ret aDPLbEN a575.13bWEL aWells, Spencer aThe journey of man a genetic odyssey /cby Spencer Wells  aNew DelhibPenguin Books c2002 a11,Community Center Panchsheel PrkbNew Delhie110017 axvi,224p. :c22cm(Hb)bill. aIncludes index aHuman evolution aHuman genetics